000 00698nam a2200217Ii 4500
003 JO-AjNU
008 230605s9999||||xx |||||||||||||| ||und||
017 _a1996/5/648
040 _aJO-AjNU
_bara
_erda
_cJO-AjNU
041 _aara
050 1 4 _aPJ7862.A717.D3 1996
100 3 _aتأليف سناجلة، محمد,
_eauthor
_948790
245 0 0 _aدمعتان على خد القمر، نجمات وادي السريج: رواية
250 _aط1
264 3 1 _aعمان:دار أزمنة،1996
300 _a91ص
336 _atext
_btxt
_2rdacontent
337 _aunmediated
_bn
_2rdamedia
338 _avolume
_bnc
_2rdacarrier
650 4 _aالأدب العربي - روايات
_948791
999 _aA21390
_c24958
_d24958